书目信息 |
| 题名: |
交通土建工程爆破工程师手册
|
|
| 作者: | 张志毅 , 王中黔 主编 | |
| 分册: | ||
| 出版信息: | 北京 人民交通出版社 2002.10 |
|
| 页数: | 481页 | |
| 开本: | 26cm | |
| 丛书名: | ||
| 单 册: | ||
| 中图分类: | U416.113 | |
| 科图分类: | ||
| 主题词: | 道路工程 | |
| 电子资源: | ||
| ISBN: | 7-114-04436-4 | |
| 000 | 00668nam0 2200205 45 | |
| 001 | 0335258719 | |
| 005 | 2003040309473810 | |
| 010 | @a7-114-04436-4@dRMB 56.00 | |
| 100 | @a20030403d2002 km y0chiy0120 ea | |
| 101 | 0 | @achi |
| 102 | @aCN@b110000 | |
| 200 | 1 | @a交通土建工程爆破工程师手册@Ajiao tong tu jian gong cheng bao po gong cheng shi shou ce@f张志毅,王中黔主编@Fzhang zhi yi,wang zhong qian zhu bian |
| 210 | @a北京@c人民交通出版社@d2002.10 | |
| 215 | @a481页@d26cm | |
| 606 | 0 | @a道路工程 |
| 690 | @aU416.113@v3 | |
| 701 | 0 | @a张志毅@Azhang zhi yi@4主编 |
| 701 | 0 | @a王中黔@Awang zhong qian@4主编 |
| 801 | 0 | @aCN@bPFT@c20030403 |
| 905 | @a10447@dU416.113@eZ250 | |
| 交通土建工程爆破工程师手册/张志毅,王中黔主编.-北京:人民交通出版社,2002.10 |
| 481页;26cm |
| ISBN 7-114-04436-4:RMB 56.00 |
| ● |
| 相关链接 |
|
|
|
正题名:交通土建工程爆破工程师手册
索取号:U416.113/Z250
 
预约/预借
| 序号 | 登录号 | 条形码 | 馆藏地/架位号 | 状态 | 备注 |
| 1 | 365365 | 203653652 | 土木与交通工程学院资料室/土木与交通学院资料室 1排1列1层/ [索取号:U416.113/Z250] | 在馆 | |
| 2 | 369094 | 203690942 | 土木与交通工程学院资料室/土木与交通学院资料室 1排1列1层/ [索取号:U416.113/Z250] | 在馆 | |
| 3 | 369095 | 203690951 | 自科库501/501自科库 53排2列3层/ [索取号:U416.113/Z250] | 在馆 |